000 00315nam a22001457a 4500
003 SGT
082 _a346.4820954, PRA
100 _aPRASAD,AKHIL
245 _aCOPYRIGHT LAW DESKBOOK
250 _a1ST
260 _aNEW DELHI
_bUNIVERSAL BOOK
_c2009
300 _a401
650 _aCOPYRIGHT LAW
942 _2ddc
_cBK
_04
999 _c9898
_d9898